01045 2200253 4500001002100000005001500021035002000036008004100056020002400097041000800121082001100129084001700140100002100157245008500178250001100263260002600274300003600300500001900336504001700355520035000372650001900722990002500741990002500766INLIS00000000000108720221014093209 a0010-0520001087221014 | | ind  a3 - 4186 - 5222 - 6 aind a301.01 a301.01 FAB t0 aFabian, Johannes1 aTime And The Work Of Anthropology : Critical Essays 1971-1991 /cJohannes Fabian acet. 3 bSage Publications,c- axvii, 299 hlm. ; 24 cm ;c24 cm aIndeks : Index aBibliography aThis book is a collection of previously published but often inaccessible papers that spans twenty years of the author's intense engagement with modern thought and the problems of ethnography. It illustrates Fabian's intellectual development, and from this singular perspective contributes to many issues of current debate in anthropology - 01788 4a1. Antropologi a01788/MKRI-P/II-2005 a01788/MKRI-P/II-2005